000 00550cam a22002291 4500
001 sa 68003536
003 DLC
005 20260227112453.0
008 940822s1967 ii 000 0 orio
010 _asa 68003536
025 _aPL480:I-O-806
035 _a(OCoLC)30990589
040 _aDLC
_cCU
_dCU
_dDLC
042 _apremarc
050 0 0 _aPK2579.M53
_bK3
100 1 _aMisra, Gopal Chandra,
_d1925-
245 1 0 _aKapota deṇāra chāi.
260 _c[1967]
300 _a2, 2, 80 p.
_c23 cm.
500 _aIn Oriya.
500 _aPoems.
999 _c79557
_d79557